00388nam a2200145Ia 4500003000400000005001700004008004100021040000900062082002000071100001900091245005700110260004400167300000900211650002200220OSt20201215131359.0190216s9999||||xx |||||||||||||| ||und|| coclc a894.8128bDAM/E aDamodaran, V K 0aEnthukontu? Enthukontu? Enthukondu? /cV K Damodaran bKerala Sastra Sahithya Parishad,c1987. a198p aGeneral Libraries